| 000 | 00417nam a2200169 4500 | ||
|---|---|---|---|
| 001 | 20054 | ||
| 005 | 20230410143236.0 | ||
| 008 | 060907n2004 dr spa | ||
| 035 | _9funglode20205 | ||
| 041 | _aES | ||
| 050 | 1 | 4 | _a1mover1Dania |
| 100 | _aVargas, Lauterio | ||
| 245 | 1 | 3 |
_aEl ingenio del dominicano / _cLauterio Vargas |
| 260 |
_aSanto Domingo, _c2004 |
||
| 300 | _a185 p. | ||
| 942 |
_2lcc _cbk |
||
| 999 |
_c97980 _d97980 |
||